[Event "SLO-ch U12 Girls"]
[Site "Rogaska Slatina"]
[Date "2009.02.22"]
[Round "2"]
[White "Skvorc, Tjasa"]
[Black "Krstic, Lucija"]
[Result "1-0"]
[WhiteElo "1500"]
[BlackElo "1515"]
[PlyCount "56"]
[EventDate "2009.02.22"]
[EventType "swiss"]
[EventRounds "9"]
[EventCountry "SLO"]
[SourceTitle "CBM 129 Extra"]
[Source "ChessBase"]
[SourceDate "2009.05.05"]
[SourceVersion "2"]
[SourceVersionDate "2009.05.20"]
[SourceQuality "1"]

1. e4 e5 2. Nf3 Nc6 3. Bc4 Nd4 4. 0-0 d6 5. d3 Nf6 6. Nc3 Be7 7. Be3 Nc6 8. h3 0-0 9. Nh2 Nb4 10. a3 Nc6 11. Qf3 Nd4 12. Qd1 Nd7 13. Nf3 c5 14. Nd5 Nb6 15. Nxe7+ Qxe7 16. Ba2 Qf6 17. c3 Nc6 18. d4 Nd7 19. dxc5 dxc5 20. Qd5 b6 21. Bg5 Qg6 22. g3 Rb8 23. Rfe1 Rb7 24. Qd2 Nf6 25. Nh4 Rd8 26. Qe3 Ng4 27. hxg4 Qd6 28. Bxd8 Qxd8 1-0

[Event "SLO-ch U10 Girls"]
[Site "Murska Sobota"]
[Date "2007.02.27"]
[Round "4"]
[White "Krstic, Lucija"]
[Black "Doberdrug, Barbara"]
[Result "0-1"]
[WhiteElo "1500"]
[BlackElo "1500"]
[PlyCount "34"]
[EventDate "2007.02.25"]
[EventType "swiss"]
[EventRounds "9"]
[EventCountry "SLO"]
[SourceTitle "CBM 117 Extra"]
[Source "ChessBase"]
[SourceDate "2007.05.09"]
[SourceVersion "1"]
[SourceVersionDate "2007.05.09"]
[SourceQuality "1"]

1. e4 e5 2. Nc3 Nf6 3. Bc4 Bc5 4. Nf3 Nc6 5. 0-0 0-0 6. d3 d6 7. Bg5 Bg4 8. a3 Qd7 9. b4 Nh5 10. bxc5 dxc5 11. Nxe5 Nxe5 12. f3 Nxf3+ 13. Rxf3 Bxf3 14. Qxf3 g6 15. Bh6 Rfd8 16. Bb5 Qd4+ 17. Be3 Qxc3 0-1

[Event "SLO-ch U10 Girls"]
[Site "Murska Sobota"]
[Date "2007.02.26"]
[Round "2"]
[White "Kroselj, Lucija"]
[Black "Krstic, Lucija"]
[Result "0-1"]
[WhiteElo "1500"]
[BlackElo "1500"]
[PlyCount "69"]
[EventDate "2007.02.25"]
[EventType "swiss"]
[EventRounds "9"]
[EventCountry "SLO"]
[SourceTitle "CBM 117 Extra"]
[Source "ChessBase"]
[SourceDate "2007.05.09"]
[SourceVersion "1"]
[SourceVersionDate "2007.05.09"]
[SourceQuality "1"]

1. e4 e5 2. Nf3 Nc6 3. Bc4 Nd4 4. Nxd4 exd4 5. 0-0 Nf6 6. e5 Ng4 7. Qxg4 d6 8. Qxd4 dxe5 9. Qxe5+ Be7 10. Qf4 0-0 11. Qf3 Be6 12. Qd3 Qxd3 13. Bxd3 Bd6 14. Nc3 Bd7 15. Be4 Rae8 16. Bxb7 c6 17. Ba6 c5 18. d3 Bc6 19. Be3 Re5 20. Nb5 Bxb5 21. Bxb5 Rh5 22. g3 Rb8 23. c4 a6 24. Bxa6 Re8 25. Rfc1 Re6 26. Rc3 Be5 27. Rb3 Rf5 28. Rb7 Rxa6 29. Rd7 g6 30. Bxc5 Rc6 31. Rd8+ Kg7 32. b4 Bxa1 33. Bd4+ Bxd4 34. b5 Bxf2+ 35. Kg2 0-1

[Event "SLO-ch U10 Girls"]
[Site "Murska Sobota"]
[Date "2006.03.03"]
[Round "9"]
[White "Krstic, Lucija"]
[Black "Bernik, Alja"]
[Result "0-1"]
[WhiteElo "1500"]
[BlackElo "1500"]
[PlyCount "104"]
[EventDate "2006.02.26"]
[EventType "swiss"]
[EventRounds "9"]
[EventCountry "SLO"]
[SourceTitle "EXT 2009"]
[Source "ChessBase"]
[SourceDate "2008.11.26"]
[SourceVersion "1"]
[SourceVersionDate "2008.11.26"]
[SourceQuality "1"]

1. e4 e5 2. Nc3 Nc6 3. Bc4 Nf6 4. d3 Bc5 5. Bg5 h6 6. Bh4 g5 7. Bg3 d6 8. Na4 Qe7 9. Nxc5 dxc5 10. Nf3 g4 11. Nd2 h5 12. Bh4 Be6 13. Bb5 Bd7 14. 0-0 0-0-0 15. Nb3 Rh6 16. Bg5 Rg6 17. Qc1 Qd6 18. Bxf6 Rxf6 19. Qg5 Nd4 20. Qxh5 Nxb5 21. c4 Nd4 22. Nxd4 cxd4 23. b4 Qxb4 24. a3 Qd6 25. f3 gxf3 26. Rxf3 Rxf3 27. Qxf3 Qg6 28. Qg3 Qxg3 29. hxg3 f5 30. exf5 Bxf5 31. Rd1 e4 32. dxe4 Bxe4 33. Re1 Bc6 34. g4 d3 35. Rd1 d2 36. g5 Ba4 37. Rf1 d1Q 38. Rxd1 Rxd1+ 39. Kf2 Rc1 40. Kf3 Rxc4 41. g6 Rd4 42. g7 Bb3 43. Ke3 Rd7 44. Kf4 Rxg7 45. g4 c5 46. Kf5 c4 47. g5 c3 48. Kf6 Rg8 49. g6 c2 50. Kg5 c1Q+ 51. Kh5 Bf7 52. gxf7 Qh1# 0-1